Statistics for Footballplayers who have 50 plus goals for their country

Click here to take the quiz!

General Stats

  • This quiz has been taken 11 times
  • The average score is 23 of 78

Answer Stats

HintAnswer% Correct
1Portugal128 goalsCristiano Ronaldo
90%
3Argentina106 goalsLionel Messi
90%
13Brazil77 goalsPele
90%
34Brazil62 goalsRonaldo
90%
30Bosnia and Herzegovina65 goalsEdin Dzeko
80%
25West Germany68 goalsGerd Muller
80%
34England62 goalsHarry Kane
80%
25Uruguay68 goalsLuis Suarez
80%
19Germany71 goalsMiroslav Klose
80%
50Egypt56 goalsMohamed Salah
80%
34Sweden62 goalsZlatan Ibrahimovic
80%
68Chile51 goalsAlexis Sanchez
70%
30Ivory Coast65 goalsDidier Drogba
70%
44France57 goalsOlivier Giroud
70%
25Republic of Ireland68 goalsRobbie Keane
70%
8Belgium83 goalsRomelu Lukaku
70%
50Cameroon56 goalsSamuel Eto'o
70%
61England53 goalsWayne Rooney
70%
44United States57 goalsClint Dempsey
60%
39Spain59 goalsDavid Villa
60%
41Uruguay58 goalsEdinson Cavani
60%
7Hungary84 goalsFerenc Puskas
60%
10Brazil79 goalsNeymar JR
60%
9Poland82 goalsRobert Lewandowski
60%
68France51 goalsThierry Henry
60%
50Argentina56 goalsGabriel Batistuta
50%
44United States57 goalsLandon Donovan
50%
74Netherlands50 goalsRobin Van Persie
50%
74Australia50 goalsTim Cahill
50%
41Maldives58 goalsAli Ashfaq
40%
60Qatar54 goalsAlmoez Ali
40%
44Serbia57 goalsAleksander Mitrovic
30%
62Mexico52 goalsJavier Hernandez
30%
54Brazil55 goalsRomario
30%
2Iran109 goalsAli Deai
20%
54Czech Republic55 goalsJan Koller
20%
22Trinidad and Tobago70 goalsStern John
20%
4India94 goalsSunil Chhetri
20%
68Ghana51 goalsAsamouh Gyan
10%
25Guatemala68 goalsCarlos Ruiz
10%
5Malaysia89 goalsMokhtar Dahari
10%
14Hungary75 goalsSandor Kocsis
10%
62Iran52 goalsSardar Azmoun
10%
74Japan50 goalsShinji Okazaki
10%
38Malaysia61 goalsAbdul Ghani Minhat
0%
22Indonesia70 goalsAbdul Kadir
0%
62UAE52 goalsAdnan Al Talyani
0%
34Iraq62 goalsAhmed Radhi
0%
6UAE85 goalsAli Mabkhout
0%
14Kuwait75 goalsBashar Abdullah
0%
44Honduras57 goalsCarlos Pavon
0%
41South Korea58 goalsCha Bum-Kum
0%
54Singapore55 goalsFandi Ahmad
0%
10Zambia79 goalsGodfrey Chitalu
0%
68Turkey51 goalsHakan Sukur
0%
25Egypt68 goalsHossam Hassan
0%
12Iraq78 goalsHussein Saeed
0%
74South Korea50 goalsHwang Sun-Hong
0%
39Hungary59 goalsImre Schlosser
0%
54Indonesia55 goalsIswadi Idris
0%
33Kuwait63 goalsJasem Al-Huwaidi
0%
54East Germany55 goalsJoachim Streich
0%
62Denmark52 goalsJon Dahl Tomasson
0%
74Iran50 goalsKarim Bagheri
0%
54Japan55 goalsKazuyoshi Miura
0%
19Thailand71 goalsKiatisuk Senamuang
0%
19Malawi71 goalsKinnah Phiri
0%
14Japan75 goalsKunishige Kamamoto
0%
68Hungary51 goalsLajos Tichy
0%
68Vietnam51 goalsLe Cong Vhin
0%
18Saudi Arabia72 goalsMajed Abdullah
0%
62Philippines52 goalsPhil Younghusband
0%
22Thailand70 goalsPiyapong Pueon
0%
62Denmark52 goalsPoul Nielsen
0%
32Thailand64 goalsTeerasil Dangda
0%
14England75 goalsVivian Woodward
0%
44Iraq57 goalsYounis Mahmoud
0%
74Malaysia50 goalsZainal Abidin Hassan
0%

Score Distribution

Percentile by Number Answered

Percent of People with Each Score

Your Score History

You have not taken this quiz